| 000 | 00866cam a22002414a 4500 | ||
|---|---|---|---|
| 999 |
_c35519 _d35519 |
||
| 001 | 15640477 | ||
| 005 | 20221114161155.0 | ||
| 008 | 090225s2010 paua b 001 0 eng | ||
| 020 | _a9781416031239x | ||
| 041 | _aeng | ||
| 080 | _a616.097 A-12 | ||
| 100 | 1 |
_aAbbas, Abul K. _97106 |
|
| 245 | 1 | 0 |
_aCellular and molecular immunology / _cAbul K. Abbas, Andrew H. Lichtman, Shiv Pillai. |
| 250 | _a6th ed. | ||
| 264 |
_aPhiladelphia : _bSaunders/Elsevier, _cc2010. |
||
| 300 |
_aviii, 566 p. : _bcol. ill. ; _c28 cm. |
||
| 504 | _aIncludes bibliographical references and index. | ||
| 653 | _aმოლეკულური იმუნოლოგია | ||
| 653 | _aუჯრედული იმუნოლოგია | ||
| 700 | 1 |
_aLichtman, Andrew H. _eავტორი _97112 |
|
| 700 | 1 |
_aPillai, Shiv. _eავტორი _97265 |
|
| 942 |
_2udc _cBK |
||